| 000 | 00532nam a22001817a 4500 | ||
|---|---|---|---|
| 005 | 20251108165857.0 | ||
| 008 | 250721s1964 xx 000 0 ara d | ||
| 082 | 1 | 4 | _aط/590/ل |
| 100 | 1 | _aلمون، روبرت | |
| 245 | 1 | 0 | _aالغريب في عالم الحيوان / |
| 264 | 1 |
_aالقاهره : _bدار المعارف، _c1964. |
|
| 300 | _a119ص : مص | ||
| 490 | 0 | _aسلسلة كل شيء عن ؛12 | |
| 650 | 1 | 7 | _aالحيوانات |
| 700 | 1 |
_aعطا، كامل _eترجمة |
|
| 942 |
_2ddc _cBK |
||
| 999 |
_c33653 _d33653 |
||